LEADER 01098nam 2200385 450 001 9910809700503321 005 20200520144314.0 010 $a2-8062-4940-6 035 $a(CKB)3820000000022934 035 $a(Au-PeEL)EBL4466500 035 $a(CaPaEBR)ebr11190895 035 $a(OCoLC)946263424 035 $a(MiAaPQ)EBC4466500 035 $a(PPN)248791664 035 $a(EXLCZ)993820000000022934 100 $a20160513h20132013 uy 0 101 0 $afre 135 $aurcnu|||||||| 181 $2rdacontent 182 $2rdamedia 183 $2rdacarrier 200 10$aFreud $efiche philosophe /$fdocument re?dige? par Dominique Coutant-Defer 210 1$a[Place of publication not identified] :$cLePetitPhilosophe.fr,$d2013. 210 4$dİ2013 215 $a1 online resource (24 pages) 320 $aIncludes bibliographical references. 676 $a150.1952 700 $aCoutant-Defer$b Dominique$01112765 801 0$bMiAaPQ 801 1$bMiAaPQ 801 2$bMiAaPQ 906 $aBOOK 912 $a9910809700503321 996 $aFreud$94097945 997 $aUNINA